000 00926cam a2200265 i 4500
003 SA-RiAUC
005 20241016063353.0
008 241014s1998 su g 0000p ara c
020 _a9960191745
040 _aSA-RiAUC
_bara
_cSA-RiAUC
_erda
082 0 4 _a811.9
_qSA-RiAUC
090 _a811.9
_bس ع و
110 1 _aالسعودية.
_bوزارة المعارف
_eمؤلف.
245 1 0 _aقم للمعلم :
_bقصيدة وشعراء /
_cوزارة المعارف.
250 _aالطبعة الأولى.
264 1 _aالرياض :
_bوزارة المعارف،
_c1998
300 _a139 صفحة ؛
_c16 سم.
336 _aنص
_btxt
_2rdacontent
_3كتاب
337 _aبدون وسيط
_bn
_2rdamedia
338 _aمجلد
_bnc
_2rdacarrier
440 0 _aكتاب المعرفة
_v4
650 7 _aالشعر العربي
_yقرن 20
_2aucsh
942 _2ddc
_cBOOK
_n0
949 _aSA-JeALM
_d241014
_umohamedma123
_n1
999 _c1381
_d1381